[Event "Druzynowe Mistrzostwa Polski - II Liga Seniorow"]
[Site "Ustron/Slaski Zwiazek Szachowy"]
[Date "2008.09.14"]
[Round "8.27"]
[White "Jaroch, Pawel"]
[Black "Walkusz, Witoslaw"]
[Result "1/2-1/2"]
[WhiteTitle "k"]
[BlackTitle "k+"]
[WhiteElo "2255"]
[BlackElo "2151"]

1. d4 e6 2. Nf3 d5 3. Bg5 Nf6 4. e3 c5 5. Nbd2 Nc6 6. c3 h6 7. Bh4 Bd6 8. Bg3
O-O 9. Ne5 Qc7 10. f4 Ne7 11. Bd3 Nf5 12. Bf2 Qb6 13. Rb1 Be7 14. g4 Nd6 15.
Qf3 Nde4 16. Nxe4 dxe4 17. Bxe4 Nxe4 18. Qxe4 cxd4 19. exd4 Qa6 20. a3 Bd6 21.
Qe2 b5 22. Rg1 Bxe5 23. fxe5 f6 24. exf6 Rxf6 25. g5 hxg5 26. Rxg5 Qc6 27. Kd2
a5 28. Rbg1 1-0

[Event "Druzynowe Mistrzostwa Polski - II Liga Seniorow"]
[Site "Ustron/Slaski Zwiazek Szachowy"]
[Date "2008.09.14"]
[Round "8.28"]
[White "Zdrojewski, Wojciech"]
[Black "Ziolkowski, Dawid"]
[Result "0-1"]
[WhiteTitle "I"]
[BlackTitle "k"]
[WhiteElo "2190"]
[BlackElo "2183"]

1. c4 Nf6 2. Nc3 c5 3. g3 g6 4. Bg2 Bg7 5. e4 Nc6 6. Nge2 O-O 7. O-O d6 8. h3
Rb8 9. d3 a6 10. a4 Bd7 11. Rb1 Nb4 12. Be3 Qc8 13. Kh2 b5 14. axb5 axb5 15.
Nxb5 Bxb5 16. cxb5 Rxb5 17. d4 c4 18. Nc3 Rb8 19. e5 dxe5 20. dxe5 Rd8 21. Qe2
Nfd5 22. Nxd5 Nxd5 23. Bd2 Qf5 24. f4 Qc2 25. Rfc1 Nxf4 26. Rxc2 Nxe2 27. Ba5
Nd4 28. Rxc4 Rd7 29. Rd1 Bxe5 30. Bc3 Bxg3+ 31. Kh1 e5 32. b4 Rbd8 33. Bxd4
Rxd4 34. Rcxd4 Rxd4 35. Rxd4 exd4 36. Bd5 Bc7 0-1

[Event "Druzynowe Mistrzostwa Polski - II Liga Seniorow"]
[Site "Ustron/Slaski Zwiazek Szachowy"]
[Date "2008.09.14"]
[Round "8.29"]
[White "Jozwicki, Jakub"]
[Black "Lewandowski, Miroslaw"]
[Result "0-1"]
[WhiteTitle "k"]
[BlackTitle "k"]
[WhiteElo "2220"]
[BlackElo "2130"]

1. e4 c5 2. Nf3 Nc6 3. d4 cxd4 4. Nxd4 e5 5. Nb5 d6 6. c4 Nf6 7. Bd3 Be6 8. O-O
Be7 9. Bg5 a6 10. Bxf6 Bxf6 11. N5c3 O-O 12. Na3 Rc8 13. Re1 Nd4 14. Ne2 Nc6
15. h3 Bh4 16. Rf1 g6 17. Kh1 Qb6 18. Qb3 Bxf2 19. Qxb6 Bxb6 20. Nc2 f5 21. b3
Ne7 22. Rad1 f4 23. Ng1 g5 24. Be2 Rfd8 25. Rd3 Nc6 26. Nf3 h6 27. Rfd1 Bc7 28.
Nh2 Kg7 29. R3d2 Rb8 30. a4 Bf7 31. b4 b6 32. b5 axb5 33. cxb5 Ne7 34. Nb4 Rb7
35. Nf3 Kf6 36. Rc1 Bg6 37. Bd3 d5 38. Nc6 Nxc6 39. Rxc6+ Rd6 40. Bc4 Rxc6 41.
bxc6 Ra7 42. Bxd5 Rxa4 43. Rd3 h5 44. Nd2 Ra1+ 45. Kh2 Be8 46. Rb3 g4 47. hxg4
hxg4 48. Rb1 g3+ 49. Kg1 Ra5 50. Nb3 Ra3 51. Nd2 Bh5 52. Kf1 Rd3 53. Ke1 Re3+
54. Kf1 Be2+ 55. Kg1 Bd3 56. Rc1 Re2 57. Nf3 b5 58. Re1 Bb6+ 59. Kh1 Rxe1+ 60.
Nxe1 Be2 61. Nf3 Ba5 62. Kg1 b4 63. Nd2 Bb6+ 64. Kh1 Ke7 65. Nb3 Kd6 66. Nd2
Bb5 67. Bb3 Kxc6 68. Nf3 Kd6 0-1

[Event "Druzynowe Mistrzostwa Polski - II Liga Seniorow"]
[Site "Ustron/Slaski Zwiazek Szachowy"]
[Date "2008.09.14"]
[Round "8.30"]
[White "Maszota, Natalia"]
[Black "Bursa, Renata"]
[Result "1-0"]
[WhiteTitle "k+"]
[BlackTitle "WFM"]
[WhiteElo "2077"]
[BlackElo "2065"]

1. e4 d6 2. d4 Nf6 3. Nc3 Nbd7 4. Be3 e5 5. h3 Be7 6. Qd2 c6 7. dxe5 dxe5 8. a3
b5 9. Nf3 Qc7 10. Bd3 O-O 11. O-O a5 12. Ne2 Rd8 13. Ng3 Nc5 14. Qc3 Nxd3 15.
cxd3 Nd7 16. d4 b4 17. Qc2 exd4 18. Nxd4 Bb7 19. Rfc1 c5 20. Ndf5 Bf8 21. Ne2
Qc6 22. f3 Qf6 23. axb4 g6 24. Nh6+ Bxh6 25. Bxh6 g5 26. Bxg5 Qxg5 27. bxc5
Qe3+ 28. Kh1 Rac8 29. Ra3 Qxc5 30. Qd2 Qe7 31. Rxc8 Rxc8 32. Rxa5 f6 33. Ng3
Ne5 34. Nf5 Qd8 35. Nh6+ Kg7 36. Nf5+ Kg8 37. Qe1 Rc7 38. b4 Rd7 39. Qg3+ Ng6
40. Ne3 Qb6 41. Qe1 Qe6 42. Ng4 Qd6 43. Rf5 Rf7 44. Nh6+ Kg7 45. Nxf7 Kxf7 46.
Rc5 Nf4 47. Qg3 Ba6 48. Kh2 Bf1 49. Rf5 Qd2 50. Rxf4 Bxg2 51. Rxf6+ Kxf6 52.
Qxg2 1-0

[Event "Druzynowe Mistrzostwa Polski - II Liga Seniorow"]
[Site "Ustron/Slaski Zwiazek Szachowy"]
[Date "2008.09.14"]
[Round "8.31"]
[White "Gralka, Julian"]
[Black "Babik, Tomasz"]
[Result "1/2-1/2"]
[WhiteTitle "FM"]
[BlackTitle "k"]
[WhiteElo "2268"]
[BlackElo "2229"]

1. d4 d5 2. c4 c6 3. Nf3 Nf6 4. Nc3 e6 5. e3 Nbd7 6. Bd3 Be7 7. O-O O-O 8. b3
b6 9. Bb2 Bb7 10. Qe2 Rc8 11. Rfd1 Qc7 12. Rac1 Qb8 13. e4 dxe4 14. Nxe4 c5 15.
Ne5 1/2-1/2

[Event "Druzynowe Mistrzostwa Polski - II Liga Seniorow"]
[Site "Ustron/Slaski Zwiazek Szachowy"]
[Date "2008.09.14"]
[Round "8.32"]
[White "Nurkiewicz, Maciej"]
[Black "Mazalon, Mariusz"]
[Result "1-0"]
[WhiteTitle "m"]
[BlackTitle "k"]
[WhiteElo "2384"]
[BlackElo "2148"]

1. e4 c5 2. Nf3 d6 3. d4 cxd4 4. Nxd4 Nf6 5. Nc3 a6 6. Be3 e5 7. Nb3 Be6 8. f3
Be7 9. Qd2 O-O 10. O-O-O Qc8 11. g4 d5 12. Nxd5 Nxd5 13. exd5 Rd8 14. Qa5 b6
15. Bxb6 Rxd5 16. Rxd5 Nc6 17. Qd2 Bxd5 18. Qxd5 Nb4 19. Qe4 Rb8 20. Ba5 Nxa2+
21. Kb1 Nb4 22. Bc4 Nc6 23. Bc3 1-0

[Event "Druzynowe Mistrzostwa Polski - II Liga Seniorow"]
[Site "Ustron/Slaski Zwiazek Szachowy"]
[Date "2008.09.14"]
[Round "8.33"]
[White "Olszewski, Marek"]
[Black "Protaziuk, Grzegorz"]
[Result "0-1"]
[WhiteTitle "k+"]
[BlackTitle "m"]
[WhiteElo "2151"]
[BlackElo "2328"]

1. e4 c5 2. Nf3 e6 3. c4 a6 4. Nc3 Qc7 5. d4 cxd4 6. Nxd4 Nf6 7. Bd3 b6 8. Be3
Bb7 9. Rc1 d6 10. O-O Nbd7 11. f3 Be7 12. Qd2 O-O 13. b3 Rac8 14. Rfe1 Qb8 15.
Bf1 Bd8 16. Qf2 Bc7 17. Qh4 Ne5 18. Kh1 Rfe8 19. Qf2 Ng6 20. g3 Qa8 21. Bg2 Ne5
22. Red1 Qb8 23. Nde2 Ba8 24. a4 Nc6 25. Rb1 Nb4 26. Nf4 Bc6 27. Qd2 a5 28. Nb5
d5 29. Nxc7 Qxc7 30. exd5 exd5 31. c5 Qe7 32. Re1 bxc5 33. Bd4 Qd6 34. Bf2 d4
35. Nd3 Nfd5 36. Nb2 Nc3 37. Rbc1 Qf6 38. f4 Bxg2+ 39. Kxg2 Qf5 40. Rxe8+ Rxe8
41. Re1 Rxe1 42. Qxe1 h6 43. Nc4 Kh7 44. Kg1 Nd3 45. Qd2 Nxf2 46. Qxf2 Qb1+ 47.
Qf1 Qxb3 48. Qd3+ Kg8 49. Nd6 Qe6 0-1

[Event "Druzynowe Mistrzostwa Polski - II Liga Seniorow"]
[Site "Ustron/Slaski Zwiazek Szachowy"]
[Date "2008.09.14"]
[Round "8.34"]
[White "Sliwerski, Radoslaw"]
[Black "Wozniak, Marcin"]
[Result "1-0"]
[WhiteTitle "k+"]
[BlackTitle "I++"]
[WhiteElo "2165"]
[BlackElo "2130"]

1. d4 Nf6 2. c4 e6 3. Nc3 Bb4 4. Nf3 c5 5. g3 d5 6. cxd5 exd5 7. Bg2 Nc6 8. O-O
cxd4 9. Nb5 O-O 10. a3 Be7 11. Nfxd4 a6 12. Nc3 Bg4 13. b4 Rc8 14. Bb2 Qd7 15.
Na4 Rc7 16. Nb6 Qd6 17. h3 Be6 18. Na4 Ne4 19. Rc1 Bg5 20. Nxe6 Qxe6 21. Nc5
Qe7 22. Rc2 Rd8 23. Nxb7 Rxb7 24. Rxc6 a5 25. h4 Bh6 26. e3 axb4 27. axb4 Qxb4
28. Qxd5 Rxd5 29. Rc8+ Qf8 30. Rxf8+ Kxf8 31. Ba3+ Ke8 32. Bxe4 Rb3 33. Bxd5
Rxa3 34. Rb1 Ra7 35. Rb8+ Ke7 36. Rh8 Kf6 37. g4 Ke5 38. Bf3 f6 39. Rxh7 Rc7
40. Rh8 Ke6 41. Kg2 Rc2 42. Be4 Rb2 43. Kg3 Rb3 44. Bg6 Kd7 45. Re8 Rb6 46. Re4
Kd8 47. f4 Ra6 48. Rd4+ Ke7 49. Bd3 Re6 50. g5 fxg5 51. hxg5 Rxe3+ 52. Kg4 Bxg5
53. fxg5 Kf8 54. g6 Ke7 55. Bf5 Re1 56. Rd7+ Kf8 57. Rd8+ Re8 58. Rd1 Re2 59.
Rh1 Kg8 60. Kf4 Re8 61. Be4 Rf8+ 62. Ke5 Re8+ 63. Kd4 Rd8+ 64. Bd5+ Kf8 65.
Rf1+ Ke8 66. Ke4 Rb8 67. Bc6+ 1-0

[Event "Druzynowe Mistrzostwa Polski - II Liga Seniorow"]
[Site "Ustron/Slaski Zwiazek Szachowy"]
[Date "2008.09.14"]
[Round "8.36"]
[White "Rzepecka, Dorota"]
[Black "Wesolowska, Edyta"]
[Result "1/2-1/2"]
[WhiteTitle "I++"]
[BlackTitle "I++"]
[WhiteElo "1924"]
[BlackElo "1943"]

1. e4 c5 2. c3 d6 3. d4 cxd4 4. cxd4 Nf6 5. Nc3 Nc6 6. h3 e6 7. Nf3 Be7 8. Be2
O-O 9. O-O a6 10. Bf4 d5 11. e5 Ne4 12. Bd3 f5 13. exf6 Rxf6 14. Be5 Nxe5 15.
Nxe5 Nd6 16. Bc2 b5 17. Qd3 1/2-1/2

[Event "Druzynowe Mistrzostwa Polski - II Liga Seniorow"]
[Site "Ustron/Slaski Zwiazek Szachowy"]
[Date "2008.09.14"]
[Round "8.37"]
[White "Grabowski, Pawel"]
[Black "Pinkas, Karol"]
[Result "1/2-1/2"]
[WhiteTitle "k"]
[BlackTitle "IM"]
[WhiteElo "2296"]
[BlackElo "2317"]

1. d4 d5 2. Nf3 Nf6 3. c4 e6 4. Nc3 Be7 5. Bg5 h6 6. Bh4 O-O 7. e3 Ne4 8. Bxe7
Qxe7 9. Qc2 Nxc3 10. bxc3 b6 11. Be2 Nd7 12. O-O Bb7 13. cxd5 exd5 14. a4
1/2-1/2

[Event "Druzynowe Mistrzostwa Polski - II Liga Seniorow"]
[Site "Ustron/Slaski Zwiazek Szachowy"]
[Date "2008.09.14"]
[Round "8.38"]
[White "Tokarski, Bartosz"]
[Black "Stuczynski, Andrzej"]
[Result "1/2-1/2"]
[WhiteTitle "I++"]
[BlackTitle "k+"]
[WhiteElo "2157"]
[BlackElo "2253"]

1. e4 e5 2. Nf3 Nc6 3. Bb5 a6 4. Ba4 Nf6 5. O-O b5 6. Bb3 Be7 7. Re1 d6 8. c3
O-O 9. h3 Na5 10. Bc2 c5 11. d4 Qc7 12. Nbd2 Nc6 13. d5 Nd8 14. a4 Rb8 15. axb5
axb5 16. b3 Ne8 17. Nf1 g6 18. Bh6 Ng7 19. Ng3 f6 20. Nh2 Nf7 21. Be3 1/2-1/2

[Event "Druzynowe Mistrzostwa Polski - II Liga Seniorow"]
[Site "Ustron/Slaski Zwiazek Szachowy"]
[Date "2008.09.14"]
[Round "8.39"]
[White "Gawronski, Miroslaw"]
[Black "Zowada, Kazimierz"]
[Result "1/2-1/2"]
[WhiteTitle "k"]
[BlackTitle "k"]
[WhiteElo "2279"]
[BlackElo "2196"]

1. c4 e5 2. Nc3 Nc6 3. g3 d6 4. Bg2 Be6 5. b3 Qd7 6. Bb2 g6 7. Nd5 Bg7 8. e3
Nd8 9. d4 c6 10. Nc3 exd4 11. exd4 Ne7 12. Nge2 Bh3 13. Bxh3 Qxh3 14. Nf4 Qd7
15. d5 c5 16. O-O O-O 17. Qd2 Nf5 1/2-1/2

[Event "Druzynowe Mistrzostwa Polski - II Liga Seniorow"]
[Site "Ustron/Slaski Zwiazek Szachowy"]
[Date "2008.09.14"]
[Round "8.40"]
[White "Guzik, Jolanta"]
[Black "Paszek, Krzysztof"]
[Result "1/2-1/2"]
[WhiteTitle "WFM"]
[BlackTitle "I++"]
[WhiteElo "2095"]
[BlackElo "2126"]

1. c4 Nf6 2. Nc3 g6 3. g3 Bg7 4. Bg2 O-O 5. e3 d6 6. Nge2 e5 7. O-O Nbd7 8. d4
Re8 9. b3 e4 10. Bb2 c6 11. Qd2 Nf8 12. Rac1 Bf5 13. Kh1 h5 14. h4 N8h7 15. Ng1
Qd7 1/2-1/2

[Event "Druzynowe Mistrzostwa Polski - II Liga Seniorow"]
[Site "Ustron/Slaski Zwiazek Szachowy"]
[Date "2008.09.14"]
[Round "8.41"]
[White "Stolarczyk, Adam"]
[Black "Siedlinski, Piotr"]
[Result "1/2-1/2"]
[WhiteTitle "I++"]
[BlackTitle "II+"]
[WhiteElo "2188"]
[BlackElo "1853"]

1. e4 c5 2. c3 d5 3. exd5 Qxd5 4. d4 e6 5. Nf3 Nf6 6. Be2 Nc6 7. O-O Be7 8. Be3
cxd4 9. cxd4 O-O 10. Nc3 Qd8 11. Ne5 Nb4 12. Bf3 Nbd5 13. Qb3 Bd6 1/2-1/2

[Event "Druzynowe Mistrzostwa Polski - II Liga Seniorow"]
[Site "Ustron/Slaski Zwiazek Szachowy"]
[Date "2008.09.14"]
[Round "8.42"]
[White "Labedz, Patrycja"]
[Black "Flazinska, Anna"]
[Result "1/2-1/2"]
[WhiteTitle "I++"]
[BlackTitle "I+"]
[WhiteElo "1949"]
[BlackElo "1829"]

1. Nf3 Nf6 2. d4 d5 3. Bf4 Bf5 4. e3 e6 5. Bd3 Bxd3 6. Qxd3 Bd6 7. Bxd6 Qxd6 8.
O-O O-O 9. Nbd2 c5 10. dxc5 Qxc5 11. c4 Nc6 12. cxd5 Qxd5 13. Qxd5 Nxd5 14.
Rfc1 Rac8 15. a3 f6 16. b4 a6 17. Ne4 b6 1/2-1/2

[Event "Druzynowe Mistrzostwa Polski - II Liga Seniorow"]
[Site "Ustron/Slaski Zwiazek Szachowy"]
[Date "2008.09.14"]
[Round "8.44"]
[White "Gbyl, Andrzej"]
[Black "Michniewski, Tomasz"]
[Result "1/2-1/2"]
[WhiteTitle "k"]
[BlackTitle "k"]
[WhiteElo "2236"]
[BlackElo "2227"]

1. d4 Nf6 2. c4 g6 3. Nc3 d5 4. cxd5 Nxd5 5. e4 Nxc3 6. bxc3 Bg7 7. Bc4 c5 8.
Ne2 Nc6 9. Be3 O-O 10. O-O Bg4 1/2-1/2

[Event "Druzynowe Mistrzostwa Polski - II Liga Seniorow"]
[Site "Ustron/Slaski Zwiazek Szachowy"]
[Date "2008.09.14"]
[Round "8.46"]
[White "Szromba, Krzysztof"]
[Black "Spicak, Krzysztof"]
[Result "1/2-1/2"]
[WhiteTitle "k"]
[BlackTitle "k"]
[WhiteElo "2186"]
[BlackElo "2011"]

1. d4 d5 2. Nf3 Nf6 3. c4 e6 4. Bg5 Be7 5. Nc3 Nbd7 6. e3 O-O 7. cxd5 exd5 8.
Bd3 c6 9. O-O h6 10. Bh4 a6 1/2-1/2

[Event "Druzynowe Mistrzostwa Polski - II Liga Seniorow"]
[Site "Ustron/Slaski Zwiazek Szachowy"]
[Date "2008.09.14"]
[Round "8.48"]
[White "Kaminska, Paulina"]
[Black "Leszner, Liliana"]
[Result "1/2-1/2"]
[WhiteTitle "k"]
[BlackTitle "WIM"]
[WhiteElo "1919"]
[BlackElo "2140"]

1. e4 g6 2. d4 Bg7 3. c3 d6 4. Nf3 Nf6 5. Bd3 O-O 6. O-O Bg4 7. Nbd2 Nbd7 8. h3
Bxf3 9. Nxf3 e5 10. dxe5 dxe5 11. Be3 c6 1/2-1/2

[Event "Druzynowe Mistrzostwa Polski - II Liga Seniorow"]
[Site "Ustron/Slaski Zwiazek Szachowy"]
[Date "2008.09.14"]
[Round "8.49"]
[White "Moskwinski, Tadeusz"]
[Black "Mikrut, Dariusz"]
[Result "0-1"]
[WhiteTitle "k"]
[BlackTitle "IM"]
[WhiteElo "2161"]
[BlackElo "2397"]

1. e4 c5 2. Nf3 d6 3. d4 cxd4 4. Nxd4 Nf6 5. Nc3 g6 6. Be3 Bg7 7. f3 Nc6 8. Bc4
O-O 9. Qd2 Bd7 10. O-O-O Rb8 11. h4 b5 12. Bb3 Na5 13. Bh6 Bxh6 14. Qxh6 e5 15.
Nde2 b4 16. Nd5 Nxb3+ 17. cxb3 Nxd5 18. Rxd5 Be6 19. Rd2 Rb6 20. Kb1 Ra6 21.
Qe3 Qa5 22. Nc1 Rc8 23. Rc2 Rxc2 24. Kxc2 d5 25. Kb1 dxe4 26. fxe4 h5 27. Rd1
Rc6 28. Nd3 Rd6 29. Rd2 Qd8 30. g3 Rd4 31. Kc1 Qc7+ 32. Rc2 Qa5 33. Kb1 Qb5 34.
Nc1 Qb7 35. Re2 Rxe4 36. Qd2 Bf5 37. Ka1 Rxe2 38. Qxe2 Qc6 39. Qe1 Qc2 40. Ne2
Bg4 41. Nc1 Bf5 42. Ne2 Bd3 43. Ng1 e4 44. Nh3 e3 45. Nf4 e2 0-1

[Event "Druzynowe Mistrzostwa Polski - II Liga Seniorow"]
[Site "Ustron/Slaski Zwiazek Szachowy"]
[Date "2008.09.14"]
[Round "8.50"]
[White "Szczechowicz, Bartosz"]
[Black "Pazderski, Ziemowit"]
[Result "1/2-1/2"]
[WhiteTitle "k+"]
[BlackTitle "k"]
[WhiteElo "2270"]
[BlackElo "2197"]

1. d4 Nf6 2. Nf3 e6 3. c4 d5 4. Nc3 Bb4 5. Qc2 Nc6 6. a3 Bxc3+ 7. Qxc3 Ne4 8.
Qc2 e5 9. e3 Bf5 10. Bd3 exd4 11. Nxd4 Nxd4 12. exd4 Qf6 13. cxd5 Nd6 14. O-O
O-O-O 15. Be3 Bxd3 16. Qxd3 Qf5 17. Qb3 Ne8 18. Rac1 Qxd5 19. Qa4 Kb8 20. Rc5
Qd7 21. Qc2 Nf6 22. Bg5 Qd6 23. Rc1 Rd7 24. Bh4 Rc8 25. Bg3 Qxd4 26. Bxc7+ Ka8
27. h3 Ne8 28. Be5 Rxc5 29. Qxc5 Qxc5 30. Rxc5 Rd8 31. g4 b6 32. Rc4 Kb7 33.
Kg2 f6 34. Bc3 Nc7 35. a4 1/2-1/2

[Event "Druzynowe Mistrzostwa Polski - II Liga Seniorow"]
[Site "Ustron/Slaski Zwiazek Szachowy"]
[Date "2008.09.14"]
[Round "8.51"]
[White "Krasiewicz, Robert"]
[Black "Wcislo, Damian"]
[Result "0-1"]
[WhiteTitle "I++"]
[BlackTitle "k+"]
[WhiteElo "2136"]
[BlackElo "2216"]

1. d4 Nf6 2. c4 c5 3. Nf3 cxd4 4. Nxd4 Nc6 5. g3 Qb6 6. Nb3 e6 7. Bg2 Ne5 8.
N1d2 a5 9. a4 Qc7 10. Qc2 d5 11. O-O Bd7 12. Nd4 dxc4 13. Ne4 Nd5 14. Bf4 Rc8
15. Rfc1 Bb4 16. Ng5 Nxf4 17. gxf4 Ng6 18. f5 exf5 19. Bd5 O-O 20. Bxc4 Qf4 21.
Ngf3 Nh4 22. Nxh4 Qxd4 23. Nf3 Qg4+ 24. Kh1 Rc5 25. b3 Bc6 26. Qd3 Be4 27. Qe3
Rc6 28. Rg1 Bxf3+ 29. exf3 Qh4 30. Qg5 Qxg5 31. Rxg5 g6 32. Rag1 Rc5 33. Rd1
Rc7 34. Rdg1 Kh8 35. R5g2 Rd8 36. h4 h5 37. Kh2 Rd4 38. Kh3 Be7 39. Re1 Rxh4+
40. Kg3 f4# 0-1

[Event "Druzynowe Mistrzostwa Polski - II Liga Seniorow"]
[Site "Ustron/Slaski Zwiazek Szachowy"]
[Date "2008.09.14"]
[Round "8.52"]
[White "Betkowski, Andrzej"]
[Black "Maciaga, Marcin"]
[Result "1/2-1/2"]
[WhiteTitle "k"]
[BlackTitle "k+"]
[WhiteElo "2201"]
[BlackElo "2180"]

1. d4 e6 2. e4 b6 3. Nf3 Bb7 4. Bd3 Nf6 5. Nbd2 d5 6. e5 Nfd7 7. O-O c5 8. c3
Ba6 9. Qe2 Bxd3 10. Qxd3 Nc6 11. a3 c4 12. Qe3 b5 13. Ng5 h6 14. Nh3 g6 15. f4
Ne7 16. Nf3 Nf5 17. Qe1 h5 18. Bd2 Nb6 19. Nhg5 Na4 20. Rb1 Be7 21. Nh4 Qb6 22.
Nxf5 gxf5 23. Qd1 Kf8 24. Rf3 Bxg5 25. fxg5 Kg7 26. Rh3 Kg6 27. Qc2 Qc6 28. Rf1
Nb6 29. Rf4 Rh7 30. g4 hxg4 31. Rxh7 Kxh7 32. Rxg4 Kg7 33. Rh4 Rg8 34. Qd1 Qe8
35. Rh6 Rh8 36. Qh5 Nd7 37. h4 Rxh6 38. Qxh6+ Kg8 39. h5 1/2-1/2

[Event "Druzynowe Mistrzostwa Polski - II Liga Seniorow"]
[Site "Ustron/Slaski Zwiazek Szachowy"]
[Date "2008.09.14"]
[Round "8.53"]
[White "Sliwinski, Marcin"]
[Black "Kusina, Jan"]
[Result "1/2-1/2"]
[WhiteTitle "k"]
[BlackTitle "k+"]
[WhiteElo "2127"]
[BlackElo "2147"]

1. e4 c5 2. Nf3 d6 3. d4 cxd4 4. Nxd4 Nf6 5. f3 e5 6. Nb3 Be6 7. Be3 Be7 8. Be2
O-O 9. O-O Nbd7 10. c4 Nb6 11. N3d2 Nfd7 12. Nc3 Bg5 13. f4 Bxf4 14. Bxf4 exf4
15. Rxf4 Qg5 16. Rf2 Qe3 17. Nf1 Qc5 18. b3 Nf6 19. Qd3 Nbd7 20. Rd1 Qe5 21.
Ng3 Rad8 22. Nd5 Bxd5 23. exd5 Nc5 24. Qc2 Rfe8 25. Rdf1 Nce4 26. Nxe4 Qxe4 27.
Bd3 Qd4 28. Kh1 Re3 29. Rd2 Qe5 30. Rdf2 Re8 31. Qd1 Re1 32. Rxe1 Qxe1+ 33.
Qxe1 Rxe1+ 34. Rf1 Rxf1+ 35. Bxf1 a5 36. Bd3 Ng4 37. Kg1 g6 38. Be2 Ne5 39. Kf2
f5 40. Ke3 Kg7 41. Kd4 Nd7 42. a3 Kf6 43. b4 axb4 44. axb4 b6 45. Bd1 Ke7 46.
Ba4 Nf6 1/2-1/2

[Event "Druzynowe Mistrzostwa Polski - II Liga Seniorow"]
[Site "Ustron/Slaski Zwiazek Szachowy"]
[Date "2008.09.14"]
[Round "8.54"]
[White "Pokojska, Daria"]
[Black "Krokay, Urszula"]
[Result "1/2-1/2"]
[WhiteTitle "m"]
[BlackTitle "k"]
[WhiteElo "2150"]
[BlackElo "2018"]

1. c4 e5 2. Nc3 Nf6 3. e3 d5 4. d4 exd4 5. Qxd4 Nc6 6. Qd1 Bf5 7. Nf3 Bb4 8.
cxd5 Nxd5 9. Bd2 Nxc3 10. bxc3 Ba5 11. Bb5 Bd3 12. Bxd3 Qxd3 13. Qe2 O-O-O 14.
Qxd3 Rxd3 1/2-1/2

[Event "Druzynowe Mistrzostwa Polski - II Liga Seniorow"]
[Site "Ustron/Slaski Zwiazek Szachowy"]
[Date "2008.09.14"]
[Round "8.55"]
[White "Bulski, Krzysztof"]
[Black "Dobosz, Henryk"]
[Result "1/2-1/2"]
[WhiteTitle "FM"]
[BlackTitle "IM"]
[WhiteElo "2388"]
[BlackElo "2440"]

1. d4 d5 2. c4 c6 3. Nc3 Nf6 4. Nf3 g6 5. Bf4 Bg7 6. e3 O-O 7. Be2 dxc4 8. Bxc4
Bg4 9. h3 Bxf3 10. Qxf3 Nbd7 11. Rd1 Qa5 12. Bb3 e5 13. dxe5 Nxe5 14. Bxe5 Qxe5
15. O-O Rad8 16. Rxd8 Rxd8 17. Rd1 Qe7 1/2-1/2

[Event "Druzynowe Mistrzostwa Polski - II Liga Seniorow"]
[Site "Ustron/Slaski Zwiazek Szachowy"]
[Date "2008.09.14"]
[Round "8.57"]
[White "Kuciel, Wladyslaw"]
[Black "Komorzycki, Jakub"]
[Result "1/2-1/2"]
[WhiteTitle "I+"]
[BlackTitle "k"]
[WhiteElo "2129"]
[BlackElo "2139"]

1. Nf3 Nf6 2. c4 g6 3. Nc3 Bg7 4. e4 d6 5. d4 O-O 6. Be2 c6 7. O-O Bg4 8. Be3
Nbd7 9. h3 Bxf3 10. Bxf3 Qc7 11. Rc1 a6 12. Qd2 Rfd8 13. Rfd1 Nf8 1/2-1/2

[Event "Druzynowe Mistrzostwa Polski - II Liga Seniorow"]
[Site "Ustron/Slaski Zwiazek Szachowy"]
[Date "2008.09.14"]
[Round "8.58"]
[White "Moniszka, Krzysztof"]
[Black "Janiszewski, Maciej"]
[Result "1/2-1/2"]
[WhiteTitle "I+"]
[BlackTitle "I++"]
[WhiteElo "2097"]
[BlackElo "2072"]

1. e4 c5 2. Nf3 g6 3. d4 Bg7 4. Nc3 cxd4 5. Nxd4 Nc6 6. Be3 Nf6 7. Be2 Qa5 8.
O-O O-O 9. Nb3 Qc7 10. f4 d6 11. Kh1 h5 12. Qd2 Bg4 13. Bd3 Qd7 14. Rae1
1/2-1/2

[Event "Druzynowe Mistrzostwa Polski - II Liga Seniorow"]
[Site "Ustron/Slaski Zwiazek Szachowy"]
[Date "2008.09.14"]
[Round "8.59"]
[White "Paczkowski, Adam"]
[Black "Jonczyk, Krzysztof"]
[Result "1/2-1/2"]
[WhiteTitle "I"]
[BlackTitle "I"]
[WhiteElo "2030"]
[BlackElo "2049"]

1. c4 c5 2. Nf3 Nf6 3. Nc3 Nc6 4. g3 g6 5. Bg2 Bg7 6. O-O O-O 7. d4 d6 8. dxc5
dxc5 9. Qxd8 Rxd8 10. Be3 Be6 11. Nd2 Nd4 12. Rac1 1/2-1/2

[Event "Druzynowe Mistrzostwa Polski - II Liga Seniorow"]
[Site "Ustron/Slaski Zwiazek Szachowy"]
[Date "2008.09.14"]
[Round "8.61"]
[White "Walach, Marcin"]
[Black "Kujawski, Ryszard"]
[Result "1-0"]
[WhiteTitle "FM"]
[BlackTitle "k"]
[WhiteElo "2410"]
[BlackElo "2147"]

1. e4 e5 2. d4 exd4 3. Nf3 Bb4+ 4. c3 dxc3 5. Nxc3 Nf6 6. e5 Ne4 7. Qb3 Nc6 8.
Bc4 O-O 9. O-O Bxc3 10. bxc3 Na5 11. Bxf7+ Rxf7 12. Qd5 Nxc3 13. Qxa5 Ne2+ 14.
Kh1 Nxc1 15. Raxc1 d5 16. exd6 Qxd6 17. Rfd1 Qb6 18. Rd8+ Rf8 19. Rxf8+ Kxf8
20. Qe5 Qd6 21. Qe4 g6 22. Ng5 Bf5 23. Qxb7 Rd8 24. h4 h6 25. Nf3 Qf4 26. Re1
a5 27. Qb2 Kg8 28. Qb3+ Kf8 29. Qc3 Kg8 30. Qxa5 g5 31. hxg5 hxg5 32. Qe5 Rd7
33. Qe8+ Kg7 34. Ne5 Rd2 35. Qf7+ Kh6 36. Qf6+ Kh7 37. Nf3 Rd7 38. Nxg5+ Kg8
39. Re8# 1-0

[Event "Druzynowe Mistrzostwa Polski - II Liga Seniorow"]
[Site "Ustron/Slaski Zwiazek Szachowy"]
[Date "2008.09.14"]
[Round "8.62"]
[White "Bardeli, Lukasz"]
[Black "Kornasiewicz, Stanislaw"]
[Result "1-0"]
[WhiteTitle "FM"]
[BlackTitle "FM"]
[WhiteElo "2317"]
[BlackElo "2235"]

1. Nf3 d6 2. c4 e5 3. Nc3 f5 4. d4 e4 5. Ng5 Be7 6. h4 c6 7. e3 Nf6 8. d5 O-O
9. Be2 a5 10. Qb3 Na6 11. Na4 cxd5 12. cxd5 h6 13. Nh3 Nd7 14. Nf4 Nac5 15.
Nxc5 Nxc5 16. Qa3 Bf6 17. Rb1 Bd7 18. Bd2 b5 19. b3 Qb6 20. Qc1 Rfc8 21. Qd1
Qd8 22. g3 b4 23. O-O Rab8 24. Bc1 Be8 25. Bb2 Bf7 26. Bc4 Qe7 27. Bd4 Nd7 28.
Be2 Bxd4 29. Qxd4 Nc5 30. Rfd1 Qe5 31. Rbc1 Qe7 32. Rc4 Rc7 33. Rdc1 Rbc8 34.
Kg2 Kh8 35. Qd1 Qe8 36. Bh5 Bxh5 37. Nxh5 Na6 38. Rc6 Nc5 39. Rxd6 Nd3 40. Rxc7
Rxc7 41. Re6 Qd7 42. Nf4 Qb5 43. Nxd3 exd3 44. e4 fxe4 45. Qh5 Rc8 46. Qe5 Kh7
47. Qxe4+ Kg8 48. Re7 Kh8 49. d6 Rf8 50. Qd4 Qc6+ 51. Kh2 Qc3 52. Qxc3 bxc3 53.
d7 1-0

[Event "Druzynowe Mistrzostwa Polski - II Liga Seniorow"]
[Site "Ustron/Slaski Zwiazek Szachowy"]
[Date "2008.09.14"]
[Round "8.63"]
[White "Zawierucha, Aleksander"]
[Black "Nowak, Rafal"]
[Result "0-1"]
[WhiteTitle "I++"]
[BlackTitle "I++"]
[WhiteElo "2095"]
[BlackElo "2008"]

1. d4 c5 2. d5 g6 3. c4 Bg7 4. Nc3 Nf6 5. e4 d6 6. f4 O-O 7. Nf3 e6 8. Be2 exd5
9. exd5 Re8 10. O-O a6 11. a4 Bf5 12. Re1 Nbd7 13. Bd2 Qb6 14. Qc1 Ne4 15. a5
Qc7 16. h3 Ndf6 17. Nxe4 Nxe4 18. Bd3 Nxd2 19. Qxd2 Bxd3 20. Qxd3 Bxb2 21.
Rxe8+ Rxe8 22. Rb1 Bf6 23. Rb6 Qd7 24. Qb1 Re7 25. Qb3 Re2 26. Qb1 Qe7 27. Rxb7
Qe3+ 28. Kh1 Bd4 29. Qf1 Rf2 30. Qd1 Qxf4 31. Qe1 Rxf3 32. gxf3 Qxf3+ 33. Kh2
Be5+ 34. Kg1 Qxh3 35. Rxf7 Bh2+ 36. Kf2 Bg3+ 37. Kg1 Qh2+ 0-1